000 00602nam a2200229 a 4500
001 BRL_1059
005 20190320211021.0
008 061113s1969----fr-a######---#000-0#spa-#
041 _aspa
044 _afr
050 4 _aTT145
_b.H55 1969
100 1 _aHils, Karl
_925705
245 1 0 _aActividades manuales en el hogar
_cKarl Hils ; traducción de G. Llopis.
260 _aParis
_bBouret
_c1969
300 _a159 p.
_bil.
_c24 cm.
500 _aAu1208
650 1 4 _aArtesanías
_92658
650 1 4 _aTrabajos manuales
_925706
700 1 _aLLopis, G.
_etr.
_925707
902 _aGRL
942 _2lcc
_cB
999 _c9871
_d9871